|
|
|
|
| LEADER |
00000cas a2200000 a 4500 |
| 001 |
vtls001311965 |
| 003 |
SK-MaSNL |
| 005 |
20260228155707.0 |
| 008 |
971125d19891990xo u| 0 0 0slo |
| 035 |
|
|
|a SNK000264354
|
| 040 |
|
|
|a SNK
|b slo
|c SNK
|e AACR2
|
| 041 |
0 |
|
|a slo
|
| 044 |
|
|
|a xo
|c SK
|
| 072 |
|
7 |
|a 005
|x Manažment. Riadenie
|2 konspekt
|
| 080 |
|
|
|a 005.95/.96
|2 2011
|
| 080 |
|
|
|a 050
|2 2011
|
| 080 |
|
|
|a (051)-027.561
|2 2011
|
| 245 |
0 |
0 |
|a Informácie pre riadiacich pracovníkov
|
| 260 |
|
|
|a Bratislava
|b Výskumný ústav chemickej technológie
|c 1989-1990
|
| 300 |
|
|
|a zv.
|c cm
|
| 310 |
|
|
|a 4x ročne
|
| 362 |
0 |
|
|a [1992-199?]
|
| 650 |
0 |
7 |
|a personálny manažment
|2 SNKPH
|9 936
|
| 655 |
|
7 |
|a odborné časopisy
|2 SNKPH
|9 70505
|
| 910 |
|
|
|a snk
|
| 999 |
|
|
|c 230
|d 230
|
| 952 |
|
|
|0 0
|1 0
|4 0
|7 0
|a SNK
|b SNK
|d 1997-11-25
|l 0
|o snkČSB 3417/1990
|p 17A0110600
|r 2005-01-02 00:00:00
|w 2026-02-21
|y PREZ
|
| 952 |
|
|
|0 0
|1 0
|4 0
|7 0
|a SNK
|b SNK
|d 1996-12-02
|l 0
|o snkČSB 3417/1989
|p 17A0025283
|r 2005-01-01 00:00:00
|w 2026-02-21
|y PREZ
|